| 000 | 00836cam a22002535a 4500 | ||
|---|---|---|---|
| 001 | 011629118 | ||
| 005 | 20180207140940.0 | ||
| 008 | 000714r20102001ii a frb 001 0 eng d | ||
| 020 | _a9789380501284 | ||
| 040 |
_aIeDuTC _dUk _dEG-ScBUE _beng |
||
| 082 | 0 | 4 |
_222 _a005.74 _bONE |
| 100 | 1 |
_aO'Neil, Patrick. _933756 |
|
| 245 | 1 | 0 |
_aDatabase : _bprinciples, programming, performance / _cPatrick O'Neil, Elizabeth O'Neil. |
| 250 | _a2nd ed., Reprint ed. | ||
| 260 |
_aNew Delhi : _bMorgan Kaufmann Publishers / Elsevier, _c2010. |
||
| 300 |
_axxiv, 870 p. : _bill. ; _c24 cm. |
||
| 500 | _aReprinted of 2001 ed. | ||
| 504 | _aIncludes bibliographical references and index. | ||
| 650 | 7 |
_aDatabase management. _2BUEsh _911309 |
|
| 651 | _2BUEsh | ||
| 653 |
_bGGEN _bCOMSCI _cFebruary2018 |
||
| 700 | 1 | _aO'Neil, Elizabeth. | |
| 942 | _2ddc | ||
| 999 |
_c26129 _d26101 |
||